000 00525nam a2200193Ia 4500
005 20250923144656.0
008 008 250917s9999 xx 000 0 eng d
037 _aTextual
040 _aDSWL
_beng
_cDSWL
041 _aeng
_2eng
084 _aY15oaQ:2.4, N09
_qDSWL
245 0 _aNotes on the position of women
260 _aCalcutta
_buperintendent Printing India
_c1909
300 _avi,30p.
365 _aINR
_b15
925 _g15
942 _cTEXL
_hY15oaQ:2.4, N09
999 _c1441914
_d1441914